Library Logo

Pioneer International University Library Catalogue

THE INBETWEEN WORLD (Record no. 9572)

MARC details
000 -LEADER
fixed length control field 00346nam a22001337a 4500
005 - DATE AND TIME OF LATEST TRANSACTION
control field 20250901165819.0
008 - FIXED-LENGTH DATA ELEMENTS--GENERAL INFORMATION
fixed length control field 250409b |||||||| |||| 00| 0 eng d
020 ## - INTERNATIONAL STANDARD BOOK NUMBER
International Standard Book Number 9789966066213
050 ## - LIBRARY OF CONGRESS CALL NUMBER
Classification number PR 9199.3.V38 2003
245 ## - TITLE STATEMENT
Title THE INBETWEEN WORLD
Remainder of title OF VIKRAM LALL
Statement of responsibility, etc. VASSANJI MG
260 ## - PUBLICATION, DISTRIBUTION, ETC.
Place of publication, distribution, etc. NAIROBI
Name of publisher, distributor, etc. STORYMOJA
Date of publication, distribution, etc. 2003
300 ## - PHYSICAL DESCRIPTION
Extent 342
942 ## - ADDED ENTRY ELEMENTS (KOHA)
Source of classification or shelving scheme Library of Congress Classification
Holdings
Withdrawn status Lost status Source of classification or shelving scheme Damaged status Not for loan Collection Home library Current library Shelving location Date acquired Source of acquisition Total checkouts Full call number Barcode Date last seen Price effective from Koha item type
    Library of Congress Classification       Main Library Main Library   04/09/2025 DONATION FROM KICD   PR 9199.3.V38 2003 PIUD0000308 04/09/2025 04/09/2025 Books
    Library of Congress Classification       Main Library Main Library   04/09/2025 DONATION FROM KICD   PR 9199.3.V38 2003 PIUD0000309 04/09/2025 04/09/2025 Books